90-Second Trivia Sprint - Statistics

General Stats
  • This quiz has been taken 487 times
  • The average score is 14 of 21
Answer Stats
Hint Answer % Correct
28 + 56 84
93%
Facebook's Zuckerberg Mark
92%
Square root of 144 12
86%
Fastest land animal Cheetah
86%
This website's name Jetpunk
84%
Actress Streep Meryl
83%
Dots and dashes code Morse
79%
The E in UAE Emirates
78%
4th rock from the sun Mars
76%
Capital of Sweden Stockholm
75%
Mein Kampf author Hitler
71%
Third Greek letter Gamma
61%
Mozart's middle name Amadeus
57%
U2 frontman Bono
55%
_____ and Sensibility Sense
55%
Current Bond actor Daniel Craig
53%
Largest NZ city Auckland
44%
Chateau, in English Castle
44%
CHIHUAHUA
44%
Steinway instrument Piano
43%
Ahmadinejad's country Iran
39%
No matching quizzes found
Score Distribution
Percent of People with Each Score
Percentile by Number Answered
Your Score History
You have not taken this quiz